000 00852nam a2200253 a 4500
001 666092
003 GBCCL
005 20241126110357.0
008 941207s1994 oru b 000 0 eng
010 _a 94235698
020 _a0914936530
040 _aDLC
_cDLC
050 0 0 _aBV652.1
_b.D363 1994
082 _a262.1
_bDAM
100 1 _aDamazio, Frank.
_91957
245 1 4 _aThe vanguard leader :
_ba new breed of leader to encounter the future /
_cby Frank Damazio.
260 _aPortland, Or. :
_bBible Temple,
_cc1994.
300 _axiii, 318 p. ;
_c22 cm.
504 _aIncludes bibliographical references (p. [317]-318).
650 0 _aChristian leadership.
_91568
906 _a7
_bcbc
_corignew
_d3
_encip
_f19
_gy-gencatlg
942 _2ddc
_cBK
_07
999 _c1260
_d1260